ბათუმის შოთა რუსთაველის სახელმწიფო უნივერსიტეტის ბიბლიოთეკა

სატყეო ტერმინოლოგიის ენციკლოპედიური ლექსიკონი (ბიბ.ჩანაწერი № 44471)

000 -ლიდერი
ფიქსირებული სიგრძის საკონტროლო ველი 01310nam a2200241Ia 4500
001 - საკონტროლო ნომერი
საკონტროლო ველი 11241
003 - საკონტროლო ნომრის იდენტიფიკატორი
საკონტროლო ველი GE_BSU
005 - ბოლო ოპერაციის თარიღი და დრო
საკონტროლო ველი 20230327110248.0
008 - ფიქსირებული სიგრძის მონაცემთა ელემენტები - ზოგადი ინფორმაცია
ფიქსირებული სიგრძის საკონტროლო ველი 181216s2006ge xx |||||||||||||| ||geo||
020 ## - წიგნის საერთაშორისო სტანდარტული ნომერი
International Standard Book Number 9992843535
040 ## - კატალოგიზაციის წყარო
Transcribing agency GE_BSU
041 ## - ენის კოდი
Language code of text/sound track or separate title geo
080 ## - უნივერსალური ათობითი კლასიფიკაციის ინდექსი
Universal Decimal Classification number 630(038) შ-18
100 ## - მთავარი ჩანაწერი - პიროვნების სახელი
Personal name შაინიძე ა.
9 (RLIN) 11602
245 ## - ცნობა სათაურის შესახებ
Title სატყეო ტერმინოლოგიის ენციკლოპედიური ლექსიკონი
Remainder of title სახელმძღვ. სატყეო-საინჟინრო, აგრონომიული, მცენარეთა დაცვის, ეკოლოგიის სპეც. სტუდენტებისათვის /
Statement of responsibility, etc ა.შაინიძე, რ.შაინიძე, ა.ძირკვაძე, რედ. გ. გიგაური
264 ## - წარმოების, გამოცემის, დისტრიბუციის და სხვა ცნობები
გამოცემის, წარმოების, დისტრიბუციის... ადგილი ბათუმი :
გამოცემის, წარმოების, დისტრიბუციის... სახელწოდება ალიონი,
გამოცემის, წარმოების, დისტრიბუციის... თარიღი 2006.
300 ## - ფიზიკური აღწერა
Extent 343 გვ.:
Other physical details 20 სმ.
653 ## - INDEX TERM--UNCONTROLLED
Uncontrolled term სატყეო ტერმინოლოგიის ენციკლოპედიური ლექსიკონი
700 ## - ADDED ENTRY--PERSONAL NAME
Personal name შაინიძე, რ
9 (RLIN) 17267
700 ## - ADDED ENTRY--PERSONAL NAME
Personal name ძირკვაძე, ა
9 (RLIN) 17268
700 ## - ADDED ENTRY--PERSONAL NAME
Personal name გიგაური, გ
Relator term რედაქტორი
9 (RLIN) 17269
942 ## - ADDED ENTRY ELEMENTS (KOHA)
Koha item type წიგნი
Source of classification or shelving scheme
ეგზემპლარები
ჩამოწერის სტატუსი დაკარგული ეგზემპლარის სტატუსი კლასიფიკაციის წყარო ან თაროზე გაწყობის სქემა დაზიანების სტატუსი არ გაიცემა მუდმივი მდებარეობა (დაცვის ადგილი) ამჟამინდელი ადგილსამყოფელი თაროზე განთავსების ადგილი შეძენის თარიღი სრული შენახვის შიფრი შტრიხკოდი ბოლო ოპერაციის თარიღი ეგზემპლარის მიმდევრობითი ნომერი (კეტერი?) ფასის ძალაში შესვლის თარიღი ეგზემპლარის სახეობა ღირებულება, შესყიდვის ნორმალური ფასი საჯარო შენიშვნა
          ბათუმის შოთა რუსთაველის სახელმწიფო უნივერსიტეტის მთავარი ბიბლიოთეკა აგრარული და მემბრანული ტექნოლოგიების ინსტიტუტის ბიბლიოთეკა წიგნსაცავი 2018-12-17 630(038) შ-18 19610 2018-12-17 19610 2018-12-17 წიგნი    
          ბათუმის შოთა რუსთაველის სახელმწიფო უნივერსიტეტის მთავარი ბიბლიოთეკა აგრარული და მემბრანული ტექნოლოგიების ინსტიტუტის ბიბლიოთეკა წიგნსაცავი 2018-12-17 630(038) შ-18 19611 2018-12-17 19611 2018-12-17 წიგნი    
          ბათუმის შოთა რუსთაველის სახელმწიფო უნივერსიტეტის მთავარი ბიბლიოთეკა ბათუმის შოთა რუსთაველის სახელმწიფო უნივერსიტეტის მთავარი ბიბლიოთეკა წიგნსაცავი 2023-03-27 630(038) შ-18 971 2023-03-27 971 2023-03-27 წიგნი    
          ბათუმის შოთა რუსთაველის სახელმწიფო უნივერსიტეტის მთავარი ბიბლიოთეკა ბათუმის შოთა რუსთაველის სახელმწიფო უნივერსიტეტის მთავარი ბიბლიოთეკა წიგნსაცავი 2023-03-27 630(038) შ-18 64094 2023-03-27 64094 2023-03-27 წიგნი 10.00 10.00